Südlichster Landkreis in jedem Bundesland - Statistiken

Allgemein
  • Dieses Quiz wurde 43 mal gespielt
  • Das Durchschnittsergebnis liegt bei 10 aus 13
Antwortstatistiken
Bundesland Landkreis % Korrekt
Schleswig-Holstein Herzogtum Lauenburg
86%
Baden-Württemberg Lörrach
86%
Niedersachsen Göttingen
84%
Saarland Regionalverband Saarbrücken
81%
Sachsen Vogtland
81%
Hessen Bergstraße
78%
Mecklenburg-Vorpommern Ludwigslust-Parchim
78%
Bayern Oberallgäu
76%
Rheinland-Pfalz Germersheim
73%
Sachsen-Anhalt Burgenland
70%
Nordrhein-Westfalen Euskirchen
68%
Thüringen Hildburghausen
59%
Brandenburg Oberspreewald-Lausitz
51%
Keine übereinstimmenden Quizze gefunden
Verteilung der Resultate
Anzahl Personen mit jedem Resultat
Perzentil nach korrekt beantworteten Fragen
Ihre Resultats-Entwicklung
Sie haben dieses Quiz noch nicht gespielt